| 000 | 01094nam a2200301 i 4500 | ||
|---|---|---|---|
| 001 | bg | ||
| 003 | BPK | ||
| 005 | 20200604082016.0 | ||
| 008 | 980808s1997 pl f |100 0 pol | ||
| 040 | _cBPK | ||
| 041 | _aeng | ||
| 041 | 0 | _apol | |
| 080 | _a624.01/.07 | ||
| 080 | _a69.059 | ||
| 080 | _a550.34 | ||
| 080 | _a(06) | ||
| 245 | 0 | 0 |
_aWpływy sejsmiczne i parasejsmiczne na budowle : _bVIII Sympozjum, [Kraków, listopad 1994] : materiały z sympozjum naukowego / _cPolitechnika Krakowska im. Tadeusza Kościuszki. |
| 260 |
_aKraków : _bInstytut Mechaniki Budowli PK, _c1997. |
||
| 300 |
_a249 s. : _b2 fot., mapy, rys., wykr. ; _c24 cm. |
||
| 500 | _aTekst częśc. ang. | ||
| 504 | _aBibliogr. przy ref. | ||
| 650 | 4 |
_aBudownictwo _xbezpieczeństwo. |
|
| 650 | 4 |
_aSejsmologia _xa budownictwo. |
|
| 655 | 4 | _aMateriały konferencyjne | |
| 710 | 2 |
_aPolitechnika Krakowska im. Tadeusza Kościuszki _bWydawnictwo _4pbl. |
|
| 856 |
_uhttp://koha.tu.koszalin.pl/cgi-bin/koha/opac-detail.pl?biblionumber=32808 _yKatalog online BPK |
||
| 942 |
_cKS _2UKD |
||
| 999 |
_c32808 _d32808 |
||